LIBRARY & INFORMATION CENTRE, KCAET, TAVANUR

ONLINE PUBLIC ACCESS CATALOGUE (OPAC)

Agricultural tractor and machinery (Record no. 14092)

MARC details
000 -LEADER
fixed length control field 00370nam a22001457a 4500
020 ## - INTERNATIONAL STANDARD BOOK NUMBER
ISBN 9788183601597
082 ## - DEWEY DECIMAL CLASSIFICATION NUMBER
Classification number 631.37201
Item number SHA/AG
100 ## - MAIN ENTRY--AUTHOR NAME
Personal name Sharma, D.N
245 ## - TITLE STATEMENT
Title Agricultural tractor and machinery
260 ## - PUBLICATION, DISTRIBUTION, ETC. (IMPRINT)
Place of publication New Delhi
Name of publisher Jain Brothers
Year of publication 2011
650 ## - SUBJECT ADDED ENTRY--TOPICAL TERM
Topical Term Objective questions
700 ## - ADDED ENTRY--PERSONAL NAME
Personal name Mukesh S
700 ## - ADDED ENTRY--PERSONAL NAME
Personal name Vivek Balyan
942 ## - ADDED ENTRY ELEMENTS (KOHA)
Koha item type Books
Holdings
Withdrawn status Lost status Damaged status Collection code Home library Current library Shelving location Date acquired Cost, normal purchase price Full call number Accession Number Koha item type
        KAUAET KAUAET General Stacks 31/03/2014 295.00 631.37201 SHA/AG 24466 Books
        KAUAET KAUAET General Stacks 31/03/2014 295.00 631.37201 SHA/AG 24467 Books
        KAUAET KAUAET Scheme 28/03/2017 295.00 631.37201 SHA/AG BB 421 Book Bank scheme for SC students
        KAUAET KAUAET Scheme 28/03/2017 295.00 631.37201 SHA/AG BB 422 Book Bank scheme for SC students
free website counter